Movies Quiz

Random Movies or Actor Quiz

Movie Foursomes Quiz Stats

Quiz Updated Mar 30, 2012

Challenge
Share
Tweet
Embed
Score 0/64 Timer 08:00
1 Play Today
% Correct
Eddie Murphy
88.2%
Mike Myers
87.7%
Cameron Diaz
86.1%
Matt Damon
84.2%
Ben Affleck
79.2%
Bill Murray
78.6%
Lindsay Lohan
78.2%
Will Ferrell
76.6%
John Travolta
68.7%
Casey Affleck
68.5%
Al Pacino
68%
Marlon Brando
62.5%
Steve Carell
60.3%
Tim Allen
58.9%
Elijah Wood
58.3%
Rachel McAdams
52.8%
Dan Aykroyd
51.4%
Clint Eastwood
48.9%
Meryl Streep
48.8%
Jude Law
47.9%
Chris Rock
47.1%
Paul Rudd
46.5%
Sean Astin
43.8%
Jennifer Love Hewitt
42%
Bing Crosby
41.6%
Ben Stiller
41.5%
Philip Seymour Hoffman
41.3%
Tommy Lee Jones
39.4%
James Caan
37.6%
Martin Lawrence
37.3%
David Schwimmer
36.1%
Sarah Michelle Gellar
36%
% Correct
Julia Roberts
35.4%
Natalie Portman
35.4%
Amy Adams
34%
David Spade
32.8%
Jada Pinkett Smith
32.8%
Freddie Prinze, Jr.
32.7%
William H. Macy
32.2%
John Lithgow
31.8%
Harold Ramis
31.2%
Clive Owen
30.9%
Val Kilmer
30.7%
Amanda Seyfried
29%
Kurt Russell
28.9%
Robert Duvall
25.9%
Dominic Monaghan
19.9%
John Goodman
19.6%
James Garner
19.3%
Ernie Hudson
18.5%
Donald Sutherland
18.4%
Lacey Chabert
18.2%
Rosemary Clooney
14.7%
Ryan Phillippe
14.2%
Billy Boyd
13.9%
Bill Paxton
13.1%
Danny Kaye
12.9%
Viola Davis
12.4%
Sam Elliott
10.9%
David Koechner
10.6%
Patrick Warburton
9.9%
Eartha Kitt
7.6%
Cole Hauser
6%
Vera-Ellen
5.1%

You're not logged in!

Compare scores with friends on all Sporcle quizzes.
Join for Free
OR
Log In

You Might Also Like...

Show Comments

Extras

Top Quizzes Today


Score Distribution

Your Account Isn't Verified!

In order to create a playlist on Sporcle, you need to verify the email address you used during registration. Go to your Sporcle Settings to finish the process.

Report this User

Report this user for behavior that violates our Community Guidelines.

Details: